Derecho usual y práctica forense /

Guardado en:
Autor Principal: García Apolinar, Edgardo
Formato: Libro
Publicado: Buenos Aires : Troquel, 1985
Edición:15a. ed.
Materias:
Etiquetas: Agregar Etiqueta
Sin Etiquetas, Sea el primero en etiquetar este registro!
LEADER 01295nam a22002295a 4500
001 CEM.cems002702
008 130507s1985##################000#0#####d
005 20241217090307.0
245 1 0 |a Derecho usual y práctica forense /  |c Edgardo García Apolinar 
250 |a 15a. ed. 
260 |a Buenos Aires :  |b Troquel,  |c 1985 
300 |a 256 p. 
505 0 |a Personas; Registro del Estado civil; Capacidad; Domicilio; Bienes; Muebles e inmuebles; Bienes del Estado; Hechos y actos juridicos, Instrumentos publicos y privados; Contratos mas frecuentes; Derechos reales, Dominio y condominio, Hipoteca y prenda; Ley penal: nociones elementales sobre las disposiciones generales del Codigo Penal y los delitos mas comunes; Organizacion d ela justicia argentina: Jueces, Auxiliares de justicia, Tribunales; Procedimiento: Juicios mas usuales: ordinario, ejecutivo, desalojo; Procedimientos ante la justicia del trabajo; Proceso criminal y correccional 
100 1 |a García Apolinar, Edgardo 
082 0 4 |a 346 
653 |a Actos juridicos 
653 |a Argentina-codigo civil 
653 |a Contratos 
653 |a Derecho 
653 |a Derecho usual y practica foren 
859 |a CEMS  |b BIB. CEMS - 11 de abril  |h 346  |i G165a15  |p 14415.87  |t Ej.5 
859 |a CEMS  |b BIB. CEMS - 11 de abril  |h 346  |i G165a15  |p 15685.90  |t Ej.6